[Event "ARG-ch 72nd"]
[Site "Pinamar"]
[Date "2002.03.12"]
[Round "2"]
[White "Sorin, Ariel"]
[Black "Rosito, Jorge"]
[Result "0-1"]
[WhiteElo "2512"]
[BlackElo "2424"]
[Annotator "Kapengut"]
[PlyCount "142"]
[EventDate "2002.03.11"]
[EventType "tourn"]
[EventRounds "13"]
[EventCountry "ARG"]
[EventCategory "9"]
[SourceTitle "CBM 088"]
[Source "ChessBase"]
[SourceDate "2002.03.21"]
[SourceVersion "1"]
[SourceVersionDate "2002.03.21"]
[SourceQuality "1"]

1. d4 Nf6 2. c4 e6 3. Nf3 c5 4. d5 d6 5. Nc3 exd5 6. cxd5 g6 7. e4 a6 8. Bf4 b5
9. Qe2 {The system with early Bf4 is on crossroads of two main directions of
Modern Benoni - A65 and A70, on both themes the author has written the books
and number of the articles.To avoid the variant Qa4 +, Black at an early stage
play a7-a6 and, after standard a2-a4, hereinafter select the plan with Bg4.
However White can ignore planned by black b7-b5, preferring the game at centre.
} Nh5 10. Bg5 Be7 11. Bh6 Bf8 12. Qe3 Bxh6 13. Qxh6 Qf6 $5 $146 {This is the
important novelty in the position, which was popular 10-20 years ago. Black
avoid fixings pawns on the Queen's flank.} ({Usually had played} 13... Nd7 14.
g4 (14. a4 b4 15. Nd1 Ndf6 (15... Qe7 16. Bd3 c4 $2 17. Bxc4 Qxe4+ 18. Ne3 $16
{Agdestein,S}) 16. Bd3 Bg4 17. Ng1 ({White's queen unexpectedly ends up
trapped after} 17. Nd2 $4 Bxd1 18. Rxd1 Ng4 $19 {[%csl Rh6] AK}) 17... Bxd1 18.
Rxd1 Qe7 (18... Ng4 19. Qd2 O-O 20. Nh3 $1 $14 {Agdestein,S}) 19. Nf3 Nxe4 $5 (
19... c4 20. Bb1 $14 {Agdestein,S}) (19... Nxd5 $6 20. O-O $40 {Agdestein,S}) (
19... Ng4 20. Qd2 O-O (20... f5 21. O-O fxe4 (21... f4 22. e5 $16) 22. Bxe4 O-O
23. Ng5 $5 (23. Rde1 $14) 23... Nf4 24. Ne6 Qh4 25. h3 Nxf2 26. Rxf2 Nxe6 27.
dxe6 Qxe4 28. Re2 $16) (20... Ne5 21. Be2 Nf6 22. Nxe5 Qxe5 23. f3 $14 {
Agdestein,S}) 21. O-O a5 (21... Ne5 22. Nxe5 Qxe5 23. f4 Qd4+ 24. Kh1 Rfe8 (
24... c4 $140 $2 25. Qxb4 $16) 25. Qc1 $14) 22. g3 c4 23. Bxc4 Qxe4 24. Nd4 Ne5
25. f3 Nxc4 26. fxe4 Nxd2 27. Rxd2 Rae8 28. Re2 $14 {Agdestein,S-Arnason,J/
Oslo 1984/Inf 37/101 YB/1-409}) 20. O-O f5 21. Rfe1 Kd7 22. Bxe4 fxe4 23. Nd2
$14) (14. Be2 $5 Qf6 (14... Qe7 15. Nd2 Nhf6 16. O-O Bb7 17. Rfe1 O-O-O 18. Qe3
Rhe8 19. Rac1 Kb8 20. h3 b4 $6 (20... Qf8) 21. Na4 Nxe4 22. Bd3 Qf8 23. Bxe4 f5
24. Qg3 fxe4 25. Nxc5 Nxc5 26. Rxc5 $16 {Gelpke,P-Goldstern,F/NED-ch Hilversum
1986}) 15. O-O (15. g3 $14 {Franco,Z}) 15... Qf4 $6 16. Ng5 $1 Ndf6 17. g3 Qd2
18. Bxh5 Nxh5 19. e5 $1 Bf5 $5 20. exd6 Qxb2 $5 21. Rae1+ Kd7 22. Nxf7 Rhe8 23.
Qxh7 $40 {Benjamin,J-Grunfeld,Y,New York YB/4 1985}) (14. g3 $5 {A pawn
sacrifice was suggested by Agdestein,S. Play would continue} Ndf6 (14... Qe7
15. Bg2 b4 16. Nd1 Qxe4+ 17. Ne3 $44) 15. Bg2 b4 16. Nd1 Nxe4 17. O-O Nef6 18.
a3 $44 {with an initiative for White in both cases.}) 14... Nhf6 15. h3 Bb7 $5
(15... b4 16. Nd1 Nxe4 $2 17. Bd3 $16 {Franco,Z}) 16. Bd3 Qb6 $6 (16... Qe7 {
/\ 0-0-0} 17. O-O-O (17. O-O O-O-O {/\g5-/+ Kortchnoi,V}) 17... O-O-O) 17. O-O
O-O-O $13 {Franco,Z} (17... Ne5 $6 18. Nxe5 dxe5 19. Be2 $1 Nd7 20. a4 b4 21.
a5 Qd6 22. Na4 O-O-O 23. Nb6+ (23. Rfc1 {/\Qe3+/- Franco,Z}) 23... Kb8 24. Rfc1
f5 25. Nc4 Qf6 26. f3 $16 {Kortchnoi,V-Franco,Z,Liechtenstein 37/102 1984}) 18.
Rfc1 Rde8 19. a3 Kb8 20. b4 Re7 $14) (13... b4 14. Nd1 Qf6 (14... Bg4 15. Nd2
Bxd1 $8 16. Rxd1 Qf6 17. Nc4 (17. g3 Nd7 18. Be2 Qg7 19. Qe3 Qxb2 $6 (19... Nb6
20. O-O O-O $14 {AK}) 20. Nc4 Qf6 21. f4 Ng7 22. Bg4 Qe7 23. e5 O-O 24. Bxd7
Qxd7 25. Nxd6 Qh3 {Twardon,M-Rosiak,A/POL-chT Porabka 1986/EXT 86ch} 26. Kf2
$16) 17... Nd7 18. Be2 Nf4 19. Bf3 Ne5 20. Nxe5 Qxe5 21. O-O $14 c4 22. Rd2 Rc8
23. g3 Nd3 24. b3 cxb3 25. axb3 Rc3 26. Bd1 {Lputian,S-Magerramov,E/Uzhgorod
1988 and now} Nc5 $5 $132 {was necessary, with equality.}) (14... Qe7 15. Bd3
Bg4 16. Nd2 Bxd1 17. Rxd1 Qf6 18. O-O Qf4 19. Qxf4 Nxf4 20. Nc4 Ke7 21. Rfe1 f6
22. Bf1 g5 23. Ne3 h5 24. Ra1 Kd8 25. a3 Nd7 26. axb4 cxb4 27. Bxa6 $16 {
Agdestein,S-Bjornsson,B/VISA GP, Reykjavik ISL 1998}) 15. Nd2 $1 {/\ g3} Ng7 (
15... Bd7 $6 16. a4 $1 $16 {>< b5} Kd8 17. g3 Bg4 18. Ne3 Bf3 19. e5 $1 (19.
Nxf3 Qxf3 20. Bg2 Qf6 21. Nc4 $16 {Yusupov,A}) 19... dxe5 20. Nxf3 Qxf3 21. Bg2
Qf6 22. d6 (22. O-O {Yusupov,A}) 22... Ra7 23. O-O (23. Nd5 Qe6 $1 {/\ Rd7
Yusupov,A}) 23... Ng7 (23... Nd7 24. Nd5 $5 Qg7 25. Qe3 {/\ Ne7 +- Yusupov,A})
24. Rac1 $1 Nd7 25. Rfd1 Nf5 (25... Ne6 26. Nd5 Qg5 27. Qxg5+ Nxg5 28. Ne7 $18
{Yusupov,A}) 26. Nxf5 Qxf5 27. Qe3 $1 $18 {White had a decisive attack against
the king trapped in the centre. Yusupov,A-Dolmatov,S/URS-ch Minsk 43/97 1987})
(15... Nd7 16. g3 Ne5 17. Be2 $1 Ng4 18. Bxg4 Bxg4 19. Ne3 $16 {Yusupov,A} (19.
f3 $16)) (15... Ra7 $5 16. Bc4 Re7 17. O-O Nd7 $14 {AK}) 16. Nc4 O-O 17. Nde3 (
17. Qd2 Nd7 18. Nde3 a5 19. a4 Ba6 20. Be2 Bxc4 21. Bxc4 Qd4 22. Bb5 Qxd2+ 23.
Kxd2 Nb6 24. f3 {1/2-1/2 Schmidt-Pedersen/Trnava 1985 (24)}) 17... Nd7 18.
O-O-O $1 Ne5 (18... Qxf2 $2 19. Ng4 $18) 19. f4 $16 {AK}) 14. Nd2 c4 {[%csl
Ra1,Rb2][%cal Gb5b4,Gc4c3,Gf6a1] Black threaten with further progress pawns of
the Queen's flank.} 15. Nd1 Nd7 16. g3 Ne5 {[%csl Rh6][%cal Ge5g4]} ({
Interestingly} 16... Nc5 $5 17. f3 Ra7 $132) 17. Qe3 (17. Be2 Ng4 18. Bxg4 Bxg4
19. f3 Bh3 $132) 17... O-O ({To loss of time leads} 17... Bg4 $6 18. f4 Nd7 19.
Nc3 $1 (19. Nf2 $6 {[%csl Rg4][%cal Gf6a1]} Qxb2 $5 20. Rb1 Qc2 21. Nxg4 c3 22.
Bd3 $1 cxd2+ 23. Qxd2 Qxd2+ 24. Kxd2 Nc5 25. Rhe1 $14) 19... Nc5 20. h3 Bd7 21.
e5 Qe7 22. Nde4 $16) 18. Be2 Ng4 $6 ({Deserves attention} 18... Bh3 $5 {
because White have lagged behind in development.} 19. f4 Ng4 20. Bxg4 Bxg4 21.
Nf2 (21. e5 Qe7 22. Nf2 Nf6 23. Nxg4 Nxg4 24. Qe2 Nh6 25. O-O-O Rfc8 $132)
21... Qxb2 22. Rb1 Qc2 23. Nxg4 c3 24. Nf2 Rfe8 (24... cxd2+ $140 25. Qxd2
Qxb1+ 26. Ke2 $132 {[%csl Rb1]}) 25. Rd1 cxd2+ 26. Qxd2 Rac8 $132) 19. Qc3 Qe7
20. f3 Ne5 21. Nf2 f5 22. f4 Nd3+ $6 {Doubtful sacrifice of a pawn.} ({Black
had to play} 22... Ng4 23. Bxg4 fxg4 24. O-O Nf6 25. Rae1 Bb7 {[%csl Rd5]} 26.
Qd4 Qd7 $14) 23. Bxd3 cxd3 24. O-O Nf6 25. Qxd3 fxe4 26. Ndxe4 Nxe4 27. Qxe4
Qf6 28. Qb4 (28. Qe2 Bf5 29. Rfe1 Rac8 30. Rac1 Qd4 $14) 28... a5 29. Qd2 Bf5
30. Rac1 Rfe8 31. Rc7 b4 32. Rfc1 Re7 $16 33. Rxe7 Qxe7 34. Qd4 $6 (34. Re1 $16
) 34... Re8 35. g4 Bc8 36. Qb6 $6 {White underestimates the initiative of the
partner .} ({To draw leaded} 36. Ne4 Qxe4 37. Qxe4 Rxe4 38. Rxc8+ Kf7 39. Rc7+
Kf6 $11 {[%csl Ra5,Rb2,Rd5,Rd6,Rf4,Rg4,Rh7]}) 36... Qf6 $44 {[%csl Rb2,Rf4,Rg4]
} 37. Rc4 $6 {[%csl Rg1]} (37. Qb5 Rf8 38. Qe2 Qf7 {[%csl Ra2,Rd5]} (38... Qxf4
$140 $2 39. Rxc8 $18) 39. a3 bxa3 40. bxa3 Qxd5 41. Qc4 $11) 37... Qxb2 $40 38.
Qxd6 Bxg4 $1 $17 {The poor situation of the white king allows black to develop
deciding attack .} 39. Kg2 (39. Qc6 Qe2 40. Rc2 Qe3 $17) 39... Qe2 40. Rc1 Bf3+
41. Kg3 Bh5 42. Kg2 Bf3+ 43. Kg3 Qe3 44. Re1 Be2+ 45. Kg2 Bf3+ 46. Kg3 Qxe1 47.
Kxf3 Qe2+ 48. Kg3 (48. Kg2 Qxa2 49. Qd7 Re2 $19) 48... Re3+ 49. Kg2 Qf3+ 50.
Kf1 Kg7 51. Qd7+ Kh6 52. Qd8 Qxf4 53. d6 Rf3 54. Qb6 Rxf2+ 55. Qxf2 Qxd6 $19
56. Qe3+ g5 57. Qa7 Qf4+ 58. Kg2 Qd2+ 59. Kg3 Qxa2 60. Qa8 Qb3+ 61. Kg4 Qc4+
62. Kg3 Qf4+ 63. Kg2 Qf6 64. Qxa5 b3 65. Qb5 b2 66. h3 Kg7 67. Qb7+ Kg6 68.
Qe4+ Qf5 69. Qc6+ Kh5 70. Qe8+ Kh6 71. Qc6+ Qg6 0-1

[Event "Wch U20"]
[Site "Cochin"]
[Date "2004.11.29"]
[Round "12"]
[White "L'Ami, Erwin"]
[Black "Alekseev, Evgeny V"]
[Result "1/2-1/2"]
[WhiteElo "2516"]
[BlackElo "2604"]
[Annotator "Kapengut"]
[PlyCount "57"]
[EventDate "2004.11.20"]
[EventType "swiss"]
[EventRounds "13"]
[EventCountry "IND"]
[SourceTitle "CBM 103 Extra"]
[Source "ChessBase"]
[SourceDate "2005.01.01"]
[SourceVersion "1"]
[SourceVersionDate "2005.01.01"]
[SourceQuality "1"]

1. d4 Nf6 2. c4 e6 3. Nc3 c5 4. d5 exd5 5. cxd5 d6 6. e4 g6 7. Nf3 Bg7 8. h3
O-O 9. Bd3 b5 10. Bxb5 Nxe4 11. Nxe4 Qa5+ 12. Nfd2 Qxb5 13. Nxd6 Qa6 14. N2c4
Nd7 15. O-O Nb6 16. Nxb6 Qxb6 17. Nxc8 Raxc8 {Current opening theory has more
and more forced lines, which after forced play lead directly into an _|_. This
variation is one of them, there is almost no middlegame.} 18. Bg5 $6 {This
move doesn't get even a slight advantage.} Qd6 (18... Qxb2 19. Qf3 Qe5 (19...
Rfe8 $6 20. d6 Qe5 21. d7 Qxg5 22. dxc8=Q Rxc8 23. Rab1 $1 c4 24. Qb7 (24. Rb7
Qf6 25. Qg4 Qe6 26. Qxe6 fxe6 27. Rc1 c3 28. Rc2 Bd4 $14) 24... Qc5 25. Rb5 Qc6
26. Qxc6 Rxc6 27. Rb8+ Bf8 28. Rd1 c3 29. Rc1 h5 30. Kf1 $16 {Sismanis,
A-Kirgeridis,P/Halkidiki GRE 2001}) 20. Bf4 (20. h4 $5 Rfe8 21. Rab1 h6 $5 (
21... Qc7 $6 22. Rfd1 Qd7 23. d6 Rb8 24. Rxb8 Rxb8 25. h5 Re8 26. h6 Bf8 27.
Qd5 Re6 28. Bf4 $16 {Halkias,S-Stefanopoulos,O/Athens 1999}) 22. Be3 Qe4 {
[%csl Rd5]} 23. Qxe4 Rxe4 24. Rb7 Rd8 25. Rxa7 Rxd5 $11) (20. Bh4 g5 21. Bg3
Qf6 22. Qa3 Qd8 23. Rad1 f5 $5 $132 {[%csl Rg3]}) 20... Qf5 21. g4 {Black is
afraid of pawn d5, but for white unnecessarily to weaken the own kingside.
After a few moves the pawn on h3 may become a target.} (21. Rad1 Rfd8 22. Rfe1
c4 23. g4 Qf6 $132) 21... Qf6 22. Qg3 g5 $6 {[%csl Rg5] Lately White managed
to create some problems for Black especially after this move.} (22... Rfd8 23.
Rad1 c4 24. d6 Rd7 25. Rfe1 c3 26. Be5 $11) ({Now it became clear that White
has got nothing after the opening and he has to play carefully in order to
keep the balance. After} 22... Qa6 $5 23. Be5 Bxe5 24. Qxe5 Qd3 25. Kg2 Rfe8
26. Rfd1 Qxh3+ $15) 23. Bc7 Qc3 24. Rac1 (24. Qxc3 Bxc3 25. Rac1 Rxc7 26. Rxc3
Rd8 27. Rd1 $11) 24... Qxg3+ 25. Bxg3 Bd4 $6 (25... f5 $5 26. Bd6 Rfd8 27. Bxc5
Rxd5 28. Be3 Rxc1 29. Rxc1 f4 $11) (25... c4 $5 26. f4 Rfd8 27. Rfd1 h6 $11)
26. d6 Rcd8 27. Rfe1 Rd7 28. Re4 Kg7 29. Rce1 Rfd8 30. Kf1 h6 31. Re7 $14 {
Krasenkow,M-Lagowski,P/Warsaw 2002}) 19. Qf3 $146 (19. Qd2 Bd4 $5 20. Rfd1 Rfe8
21. Rac1 Qxd5 22. b4 $5 (22. Bf6 Qxa2 23. Bxd4 cxd4 24. Rxc8 Rxc8 25. Qxd4 a5
$11) 22... Qf5 23. Bh6 (23. bxc5 Bxc5 24. Bh6 Qh5 25. Qf4 Bb6 $11) 23... Bf6
24. Rxc5 Rxc5 25. bxc5 Qxc5 26. Qd7 Qe7 27. Qxe7 Bxe7 28. Rd7 $14 {Garza Marco,
S-Ayas Fernandez,A/Cala Mendia 2001}) 19... Rfe8 $6 (19... Bxb2 $142 $5 20.
Rab1 (20. Rad1 Be5 21. Bd2 Rfe8 22. Rfe1 Bh2+ 23. Kh1 (23. Kf1 $6 Qa6+ $15)
23... Be5 24. Bc3 Bxc3 25. Qxc3 Rxe1+ 26. Qxe1 c4 27. Qc3 Rc5 28. Re1 Rc8 $11)
20... Be5 21. Rb7 Rc7 22. Rxc7 Qxc7 23. Qe4 f6 24. Be3 f5 25. Qc4 Bh2+ 26. Kh1
Bd6 27. Rc1 f4 $11 28. Bxc5 $140 $6 Rc8 29. Qb3 $4 (29. Qa6 $11) 29... Qe7 $17)
20. Bf4 Qd7 (20... Be5 21. Bg3 Qd7 22. Bxe5 Rxe5 23. Rad1 (23. Rfd1 Rd8 24. d6
Re6 25. Qa3 Rxd6 26. Rxd6 Qxd6 27. Qxa7 $14) 23... Rf5 24. Qe4 Qd6 25. Rd3 Re5
26. Qf3 Rce8 27. Qg3 h6 28. Rfd1 Rd8 29. b3 $16) 21. d6 c4 22. Qd5 (22. Rab1 $5
h6 (22... Re6 23. Rfe1 Rce8 24. Rxe6 Qxe6 (24... Rxe6 25. Qd5 $16) 25. Qg4 (25.
Qe3 Rd8 26. Qd2 h6 27. Re1 Qf5 28. Rc1 Kh7 29. Rxc4 Qb1+ 30. Kh2 Qxa2 31. Rc7
$18) (25. Qc6 h6 26. Qc7 Bf6 27. Rd1 Qe2 28. Rf1 Rd8 29. b3 cxb3 30. axb3 Qe6
31. b4 Rd7 32. Qc8+ $16) 25... f5 26. Qf3 h6 27. Qb7 Rd8 28. Rc1 g5 29. Qe7 $1
Qxe7 30. dxe7 Re8 31. Bd6 Bf6 32. Rxc4 $16) (22... Qf5 23. Bg5 (23. Rfd1 Red8
24. Qg4 Qd7 25. Qxd7 Rxd7 26. Rd2 h6 27. Re1 $16) (23. Rfe1 g5 24. Bh2 Qxf3 25.
gxf3 Rxe1+ 26. Rxe1 Rd8 27. Re4 Bxb2 28. Rxc4 Ba3 29. Rd4 $16) 23... Qd7 24.
Be7 Rc5 (24... Rc6 25. Qg4 f5 26. Qf3 h6 27. Qd5+ Kh7 28. Rfe1 $16) 25. Qg4 f5
26. Qh4 Rc6 27. Rbc1 Rec8 28. b3 cxb3 29. Rxc6 Rxc6 30. axb3 $16) (22... Be5
23. Bxe5 Rxe5 24. Rfd1 (24. Rbd1 Re6 25. Qf4 Rc6 26. Rd4 Rexd6 27. Rxc4 $16)
24... Rc6 25. Qg4 f5 26. Qf3 (26. Qf4 Re4 27. Qg3 Re6 28. b3 c3 29. Rbc1 Rexd6
30. Rxd6 Qxd6 31. Qxd6 Rxd6 32. Rxc3 $16) 26... Rxd6 27. Qa8+ Kg7 28. Rxd6 Qxd6
29. Qxa7+ Kh6 30. Qa4 Re4 31. Qc2 $16) 23. Qd5 (23. Rfe1 $6 Kh7 (23... Qb5 24.
Rbd1 Rxe1+ 25. Rxe1 Bxb2 26. Bxh6 Re8 27. Re7 $16) 24. Rxe8 Rxe8 25. Rc1 Qb5
26. Bg3 Qxb2 27. Rd1 (27. Rf1 Rf8 28. Qc6 c3 $132) 27... c3 $132) 23... Red8
24. Rfe1 Qc6 25. Rbd1 Qxd5 26. Rxd5 Rd7 27. Re7 $16) 22... Bxb2 23. Rab1 (23.
Rae1 $142 $5 c3 24. Qd4 Red8 (24... Rb8 $6 25. Bh6 f6 26. Rxe8+ Rxe8 27. Qxf6
Qf7 28. Qh4 Rc8 29. Qa4 $16) 25. Bg5 $1 (25. Bh6 $6 f5 26. Bg5 Re8 27. Bc1 Bxc1
28. Rxe8+ Rxe8 29. Rxc1 Rc8 $11) 25... Re8 26. Bh6 f5 27. Qd5+ Kh8 28. Re5 $1
c2 29. Qb5 $1 Qxb5 30. Rxb5 c1=Q 31. Bxc1 Rxc1 32. Rxb2 $16 {White has an
extra pawn and although his technical task is not easy, he can torture his
opponent practically forever.}) 23... c3 24. Qd4 Re6 25. Rbe1 Rce8 26. Rxe6
Rxe6 27. Qc5 Re8 28. Be5 Ba3 29. Qxa3 1/2-1/2

[Event "EU-chT (Men) 15th"]
[Site "Gothenburg"]
[Date "2005.08.01"]
[Round "3.3"]
[White "Banikas, Hristos"]
[Black "Gashimov, Vugar"]
[Result "1/2-1/2"]
[WhiteElo "2548"]
[BlackElo "2594"]
[Annotator "Kapengut"]
[PlyCount "86"]
[EventDate "2005.07.30"]
[EventType "team-swiss"]
[EventRounds "9"]
[EventCountry "SWE"]
[SourceTitle "CBM 109"]
[Source "ChessBase"]
[SourceDate "2005.11.14"]
[SourceVersion "1"]
[SourceVersionDate "2005.11.14"]
[SourceQuality "1"]
[WhiteTeam "Greece"]
[BlackTeam "Azerbaijan"]
[WhiteTeamCountry "GRE"]
[BlackTeamCountry "AZE"]

1. d4 Nf6 2. c4 e6 3. Nf3 c5 4. d5 exd5 5. cxd5 g6 6. Nc3 Bg7 7. e4 O-O 8. Bd3
d6 9. h3 b5 10. Bxb5 Nxe4 11. Nxe4 Qa5+ 12. Nfd2 Qxb5 13. Nxd6 Qa6 14. N2c4 Rd8
15. Bf4 Nd7 16. O-O Nb6 17. Nxb6 Qxb6 18. Nxc8 Raxc8 {Current opening theory
has more and more forced lines, which after forced play lead directly into an
_|_. This variation is one of them, there is almost no middlegame.} 19. Rb1 Qb7
20. d6 Bf8 21. Qd3 Bxd6 $1 {Simplest and the best is however.} (21... Rc6 22.
Rfd1 {[%cal Rd6d7] /\d7} Bxd6 {-21...Bd6}) (21... c4 $6 22. Qg3 $16 (22. Qd4
Bxd6 23. Bxd6 Rc6 $11) 22... Rc6 23. Rfd1 Qb6 $5 24. Rd5 (24. d7 Qb7 25. Qg4 h5
$11) 24... Bxd6 25. Rbd1 Be7 $132) (21... Qb4 $143 22. Qg3 $36 {[%csl Gd6] o^d6
}) 22. Bxd6 Rc6 23. Rfd1 {Now both Black's moves lead to slightly worse
positions, which he nevertheless should be able to hold with good defence: 
[Stohl,I]} Qd7 $5 {After quite a few people suffered in the 2R:Q _|_ finally
someone at last repeats Leko's idea. [Stohl,I]} (23... Qb6 $2 24. Bxc5 $1 Rxd3
25. Bxb6 Rxd1+ 26. Rxd1 axb6 (26... Rxb6 27. Rd2 $16) 27. Rd2 $16) (23... Qa6)
24. Qa3 $5 (24. Rbc1 {see Babula,V-Wojtaszek,R/Gothenburg 2005}) (24. Qe3 Rxd6
25. Rdc1 Qf5 $1) (24. Qb5 Rxd6 25. Qxd7 R8xd7 26. Rxd6 Rxd6 $11) 24... Rxd6 25.
Rxd6 (25. Rdc1 Qf5 $11) 25... Qxd6 26. Qxa7 $14 Qd3 $146 (26... Qd4 $6 27. Qe7
(27. a4 Rd5 $2 28. Qb8+ Kg7 29. Qb3 f6 30. Re1 Rd7 31. a5 Qd2 32. Ra1 c4 33.
Qc3 $18 {Breier,A-Kleeschaetzky,R/2BLN-9900/2000/}) 27... Ra8 28. a3 Rb8 29. b4
Qd3 30. Rc1 Qxa3 31. Rxc5 Qa1+ 32. Kh2 Qd4 33. b5 Qf4+ 34. Kg1 Ra8 35. Qe1 Qd4
36. Rc1 Rb8 37. Rb1 $16 {Seres,L-Vajda,S/Budapest/2001/}) (26... Qe5 $6 27. Qa5
Rb8 28. b3 Rb4 29. Rc1 Re4 30. Qc3 Qxc3 31. Rxc3 Re1+ 32. Kh2 Re2 33. a4 Rb2
34. a5 Kf8 35. h4 h5 36. f3 $16 {Campos Moreno,J-Outerelo,M/Burgas/1999/}) (
26... Re8 $1 27. Qa3 $5 (27. a3 Qd4 28. Rf1 {1/2-1/2 Collazo,F-Kisimenko,N/
IECG 2001/Complete 2001}) (27. Rc1 Re2 28. b3 Rxf2 29. Rxc5 (29. Qxc5 Qxc5 30.
Rxc5 Rxa2 $11) 29... Rxg2+ $1 30. Kxg2 Qd2+ $11) (27. b3 $6 Re2 28. Rf1 Qd5 29.
Qa5 Rc2 30. Ra1 $6 (30. Qa4 Kg7 31. a3 Rb2 32. Qc4 Qd4 $5 $11) 30... Qd4 (30...
Rxf2 $1 31. Kxf2 Qd4+ $11) 31. Qe1 Rxf2 $1 32. Qxf2 Qxa1+ 33. Kh2 Qc3 $11 {
Zacek,J-Pesa,L/corr 1999}) (27. a4 Re2 28. Qa8+ Kg7 29. Qf3 Qe5 30. b3 Rc2 31.
a5 Ra2 $1 (31... c4 $6 32. Qd1 Qe4 {1-0 Neverov,V-Simantsev,M/Kharkov
Region-ch 1999}) 32. Qa8 (32. Qb7 Qd4 33. a6 Qxf2+ 34. Kh1 Qf6 35. a7 $140 $6
Qa6 $15) 32... Qc3 33. a6 Qc2 34. Rf1 Qxb3 $11) (27. Qa5 Re2 (27... Qd4 28. Qc3
$16) 28. Qa8+ (28. Re1 Rxb2 29. Re8+ Kg7 30. Qc3+ Qd4 $11) 28... Kg7 29. Qf3
Qe5 30. Qc3 Qxc3 31. bxc3 Rc2 32. a4 (32. Rb3 c4 $11) 32... Rxc3 33. Ra1 c4 34.
Kf1 (34. a5 Rb3 35. a6 c3 36. a7 c2 37. a8=Q Rb1+ 38. Kh2 c1=Q $11) 34... Rc2
35. a5 Rb2 (35... c3 36. Ra3 $14) 36. Ke1 (36. a6 c3 $11) 36... c3 37. Kd1 Rxf2
38. Ra3 Rxg2 39. a6 Rd2+ 40. Kc1 Rd8 $11) (27. Qa4 Re2 28. Qc4 Qe5 $11 29. Qc3
(29. a3 $5 Rxf2 30. Kxf2 Qf5+ 31. Ke3 Qxb1 32. b4 $11 {/+/= keeps some tension
in the position, but the _|_ should be a draw anyway.}) 29... Qf5 (29... Qxc3
$2 30. bxc3 Rc2 (30... Rxa2 31. Rb5 $16) 31. Ra1 Rxc3 32. a4 Rb3 33. a5 Rb7 34.
a6 Ra7 35. Kf1 $16) 30. Rf1 Rc2 31. g4 (31. Qb3 c4 $44) 31... Rxc3 32. gxf5 Rc2
33. Rb1 Kf8 34. a4 Ke7 35. Kg2 Kd6 36. b4 cxb4 37. fxg6 hxg6 38. Rxb4 Ke5 $11 {
Savchur,F-Lecroq,M/ICCF 2000}) 27... Re2 28. Qc3 Qb6 $1 (28... Qd5 29. a4 Rxf2
(29... Qf5 30. Rf1 Rc2 31. Qa3 $16) 30. Kxf2 Qf5+ 31. Kg3 Qxb1 32. a5 Qd1 (
32... Qa1 33. Kh2 (33. Qxc5 Qxb2 34. a6 Qb8+ $132) 33... c4 34. Qb4 h5 35. Qb5
$5 $16 {Ionov,S} (35. Qb6 $6 Qa4 36. a6 c3 $1 37. bxc3 Qf4+ 38. Kh1 Qf1+ $11))
33. Kh2 c4 34. Qb4 Kg7 35. Qb5 Qf1 36. Qe5+ $18 {Ionov,S-Berelovich,A/St
Petersburg 1999}) 29. a4 c4 30. Rf1 Qb3 31. Rc1 (31. Qxb3 cxb3 32. Rb1 Re4 33.
Ra1 (33. Kf1 Rxa4 34. Ke2 Rc4 35. Rd1 Kg7 36. Rd3 Rc2+ 37. Rd2 Rc1 38. Ke3 Rb1
39. Kd3 Rc1 $11) 33... Re2 34. Rb1 {1/2-1/2 Komarov,D-Leko,P/Ulcinj YUG Cup /
1997} Re4 35. a5 Ra4 36. Re1 Rxa5 (36... Ra2 37. a6) 37. Re3 Rb5 38. Kf1 $14 {
Ionov,S}) {Safer was} 31... Rxb2 $5 (31... Qb6 $2 32. Qf3 Qxb2 33. Rxc4 $16) (
31... Qxa4 $2 32. Qd4 $1 (32. Qxc4 Qxc4 33. Rxc4 Rxb2 $11) 32... Qa6 {Black is
in trouble, as his >> is shaky and the K will be exposed.} ({A possible
example is} 32... Rc2 33. Re1 Qb5 (33... Qa8 34. Qd7 Kg7 35. Qd1 $1 Qa5 36.
Qd4+ Kh6 37. Re4 $18 {->}) (33... Qc6 34. Qd8+ Kg7 35. Re8 Qc5 36. Rg8+ Kh6 37.
Qh4+ Qh5 38. Qf4+ Qg5 39. Qxf7 $18) 34. Qd8+ Kg7 35. Re8 $40 {/\} Rxb2 36. Rg8+
Kh6 37. Qf8+ Kg5 38. Qe7+ Kh6 39. g4 $1 $18) 33. Rxc4 (33. Qf4 $2 Kg7 $1 34.
Rxc4 Qa1+ 35. Kh2 Qxb2 $11) 33... Rxb2 {Hecht: '[#] Nach dem Verschwinden
aller Damenflügelbauern spielt Weiß nun auf Matt. Die erschwerten Bedingungen,
nämlich Blind-Rapid-Schach, sind bei der Bewertung zu berücksichtigen.' Hecht:
'[#] Nach dem Verschwinden aller Damenflügelbauern spielt Weiß nun auf Matt.
Die erschwerten Bedingungen, nämlich Blind-Rapid-Schach, sind bei der
Bewertung zu berücksichtigen.'} 34. Qd8+ Kg7 35. Rc8 $40 {Piket,J-Topalov,V/
Monte Carlo blind/2000 White has again doubled his major pieces on the 8-th
rank as above.}) 32. Qxc4 Qxc4 33. Rxc4 Ra2 $14 {/= This _|_ is theoretically
drawn, but who wants to fight a pawn down?} (33... h5 34. h4 Kg7 35. g3 Ra2 36.
Rf4 f6 37. Rb4 g5 38. hxg5 fxg5 39. Rb5 Kg6 40. a5 Ra1+ 41. Kg2 g4 $1 $11 {
Simonenko,S-Busemann,S/ICCF Email 2000}) 34. h4 h5 35. g3 Kf8 36. Kf1 Ke7 37.
Re4+ Kd6 38. Ke1 f6 39. Rf4 Ke6 40. Re4+ Kf5 41. Rb4 g5 $1 42. f3 gxh4 43. Rxh4
Kg5 44. Rc4 f5 $11 {Flumbort,A-Loetscher,R/Zug SUI 2003}) 27. Rc1 Qd2 28. Qxc5
Qxb2 {This position reminds me the situation after 35 moves from 34th game of
World championship match Alekhine,A-Capablanca,JR/Buenos Aires 1927.} 29. Qc2 (
29. a4 Rd5 $5 (29... Rd2 30. Re1 Kg7 31. Qe3 Rc2 32. a5 Qf6 33. Rd1 Ra2 34. Qc5
h6 35. Rb1 $16) 30. Qe3 (30. Qxd5 $140 $2 Qxc1+ 31. Kh2 Qf4+ $11) 30... Kg7 31.
Rc4 Qd2 32. Qe4 (32. Qxd2 Rxd2 33. a5 Ra2 34. Rc5 $14) 32... Qd3 $14) 29... Qa3
(29... Qxc2 $5 30. Rxc2 Rd1+ 31. Kh2 Kg7 32. g4 h6 33. Kg3 Rd3+ 34. Kg2 Ra3 $11
) 30. Re1 Ra8 31. Re2 h5 32. h4 (32. Qc6 Kg7 33. Qd5 Qc1+ 34. Kh2 Ra4 35. Qe5+
Kh7 36. Qf6 Qf4+ $14) 32... Qa4 $1 $11 33. g3 Qxc2 34. Rxc2 f6 35. Kf1 Kg7 36.
Ke2 Ra3 37. Kd2 g5 38. hxg5 fxg5 39. Ke2 Kf6 40. Kf1 h4 41. gxh4 gxh4 42. Kg2
Kf5 43. Rb2 Ke5 1/2-1/2